Was jeder vom Judentum wissen muss / im Auftrag des Arbeitskreises Kirche und Judentum der Vereinigten Evangelisch-Lutherischen Kirche Deutschlands und des Deutschen Nationalkomitees des Lutherischen Weltbundes /
Record details
- ISBN: 3-579-010638 (pbk.)
- Physical Description: 208 s. : illustrations ; 19 cm.
- Publisher: Gütersloh : Gütersloher Verlagshaus G. Mohn, 1983
- Copyright: ©1983
Content descriptions
| Bibliography, etc. Note: | Bibliographical content (pages 188-196) and index. |
Search for related items by subject
| Subject: | Judaism. Jews > Germany. Christianity and other religions > Judaism. Judaism > Relations > Christianity. |
Search for related items by series
Available copies
- 1 of 1 copy available at Common Catalog SPOK.
Holds
- 0 current holds with 1 total copy.
Show Only Available Copies
| Location | Call Number / Copy Notes | Barcode | Shelving Location | Status | Due Date |
|---|---|---|---|---|---|
| ETS Library | 296 | 424470015769 | Volný výběr | Available | - |
| LDR | 01503cam a2200397 i 4500 | ||
|---|---|---|---|
| 001 | 43027 | ||
| 003 | CZ-PrJAB | ||
| 005 | 20171213112745.0 | ||
| 008 | 861016s1983 gw a e b 001 0 ger c | ||
| 010 | . | ‡a86673592 | |
| 020 | . | ‡a3-579-010638 (pbk.) | |
| 035 | . | ‡a(CONS)13060 | |
| 035 | . | ‡a(UkOxU)019550529 | |
| 035 | . | ‡9(DLC) 86673592 | |
| 040 | . | ‡aMH ‡erda ‡cMH ‡dDLC ‡dUkOxU | |
| 043 | . | ‡ae-gx--- | |
| 050 | 1 | 4. | ‡aBM561 ‡b.W34x 1983 |
| 082 | . | ‡a296 | |
| 100 | . | ‡aBaumann, Arnulf H. | |
| 245 | 0 | 0. | ‡aWas jeder vom Judentum wissen muss / ‡bim Auftrag des Arbeitskreises Kirche und Judentum der Vereinigten Evangelisch-Lutherischen Kirche Deutschlands und des Deutschen Nationalkomitees des Lutherischen Weltbundes / |
| 264 | 1. | ‡aGütersloh : ‡bGütersloher Verlagshaus G. Mohn, ‡c1983 | |
| 264 | 4. | ‡c©1983 | |
| 300 | . | ‡a208 s. : ‡billustrations ; ‡c19 cm. | |
| 336 | . | ‡atext ‡2rdacontent | |
| 337 | . | ‡aunmediated ‡2rdamedia | |
| 338 | . | ‡avolume ‡2rdacarrier | |
| 490 | 0 | . | ‡aGütersloher Taschenbücher/Siebenstern ; ‡v1063 |
| 504 | . | ‡aBibliographical content (pages 188-196) and index. | |
| 650 | 0. | ‡aJudaism. | |
| 650 | 0. | ‡aJews ‡zGermany. | |
| 650 | 0. | ‡aChristianity and other religions ‡xJudaism. | |
| 650 | 0. | ‡aJudaism ‡xRelations ‡xChristianity. | |
| 710 | 2 | . | ‡aVereinigte Evangelisch-Lutherische Kirche Deutschlands. ‡bArbeitskreis Kirche und Judentum. |
| 710 | 2 | . | ‡aLutheran World Federation. ‡bDeutsches Nationalkomitee. |
| 852 | 4 | . | ‡bETS ‡bETS ‡cVolný výběr ‡j296 ‡p424470015769 ‡y$50.00 |
| 910 | . | ‡aABG450 | |
| 999 | . | ‡a13060 ‡c13060 ‡tbiblio | |
| 905 | . | ‡uadmin | |
| 901 | . | ‡a43027 ‡b ‡c43027 ‡tbiblio ‡sets | |